000 00561nam a2200217Ia 4500
003 BUBTL
008 151213s9999 xx 000 0 und d
082 _a347/R2151p
100 _aRao, Mamta
_94100
245 _aPublic Interest Litigation
_cMamta Rao
250 _a2nd
260 _aIndia
_bEastern Book Com.
_cc2004
300 _a[xvii] , 431p . :
_b22cm.
500 _aIncludes Index
650 _aLaw
_94101
650 _aLaw
_94101
700 _aMamta Rao
_94102
856 _k0
_l0
_yDownload
942 _2ddc
_cBK
999 _c3617
_d3617